Régions aux pays n°5 - Statistiques

Statistiques générales
  • Ce quiz a été pris 173 fois
  • Le résultat moyen est 11 sur 16
Statistiques - réponses
Region Pays % Correct
Louisiane Etats-Unis
98%
Mayotte France
98%
Mongolie-Intérieure Chine
95%
Suez Egypte
93%
Amazonas Bresil
91%
Basse-Saxe Allemagne
88%
Île de Man Royaume-Uni
83%
Sjælland Danemark
68%
Gujarat Inde
68%
Manitoba Canada
66%
île du Nord Nouvelle-Zélande
60%
Molise Italie
43%
Katanga République démocratique du Congo
40%
Sinaloa Mexique
34%
Kerala Inde
32%
Limpopo Afrique du sud
25%
Aucun quiz correspondant
Distribution des résultats
% des personnes avec chaque résultat
Percentile par nombre de réponses
Votre historique - résultats
Vous n’avez pas pris ce quiz